Top 20 Most Famous B Words - Statistics

General Stats
  • This quiz has been taken 366 times
  • The average score is 10 of 20
Answer Stats
% letters word % Correct
98 2 be
100%
64 2 by
79%
69 3 but
75%
70 3 bad
68%
73 3 bar
64%
50 3 buy
63%
65 4 back
62%
65 4 ball
62%
52 3 big
52%
40 3 boy
45%
37 4 bill
44%
46 5 bring
44%
34 7 because
42%
52 4 band
40%
35 6 before
36%
30 4 beat
34%
27 4 both
34%
37 4 base
30%
33 5 black
30%
26 5 break
26%
No matching quizzes found
Score Distribution
Percent of People with Each Score
Percentile by Number Answered
Your Score History
You have not taken this quiz